Оценка влияния производственной деятельности магистральных газопроводов Новосибирской области на состояние окружающей среды; Информационные технологии (IT) в контроле, управлении качеством и безопасности

Podrobná bibliografie
Parent link:Информационные технологии (IT) в контроле, управлении качеством и безопасности.— 2019.— [С. 330-334]
Hlavní autor: Чернышкина К. О. Карина Олеговна
Korporativní autor: Национальный исследовательский Томский политехнический университет
Shrnutí:Заглавие с экрана
Статья посвящена оценке воздействия магистральных газопроводов на окружающую среду на примере действующего участка газотранспортной системы Западной Сибири. Определено, что основным загрязняющим веществом, поступающим от участков магистральных газопроводов, является метан. Доля его выбросов составляет более 99% от общего количества выбросов.
The article is devoted to assessing the impact of main gas pipelines on the example of a particular enterprise. It has been determined that the main pollutant is methane. Its share of emissions is more than 99% of total emissions
Jazyk:ruština
Vydáno: 2019
Témata:
On-line přístup:http://earchive.tpu.ru/handle/11683/57604
Médium: MixedMaterials Elektronický zdroj Kapitola
KOHA link:https://koha.lib.tpu.ru/cgi-bin/koha/opac-detail.pl?biblionumber=630806

MARC

LEADER 00000naa2a2200000 4500
001 630806
005 20231102024505.0
035 |a (RuTPU)RU\TPU\conf\32320 
035 |a RU\TPU\conf\32318 
090 |a 630806 
100 |a 20200123d2019 k y0rusy50 ca 
101 0 |a rus 
102 |a RU 
105 |a y z 101zy 
135 |a drcn ---uucaa 
181 0 |a i  
182 0 |a b 
200 1 |a Оценка влияния производственной деятельности магистральных газопроводов Новосибирской области на состояние окружающей среды  |d Assessment of the impact of production activities of gas pipelines in the Novosibirsk region on the environment  |f К. О. Чернышкина 
203 |a Текст  |c электронный 
230 |a 1 компьютерный файл (pdf; 698 Кб) 
300 |a Заглавие с экрана 
320 |a [Библиогр.: с. 333-334 (7 назв.)] 
330 |a Статья посвящена оценке воздействия магистральных газопроводов на окружающую среду на примере действующего участка газотранспортной системы Западной Сибири. Определено, что основным загрязняющим веществом, поступающим от участков магистральных газопроводов, является метан. Доля его выбросов составляет более 99% от общего количества выбросов. 
330 |a The article is devoted to assessing the impact of main gas pipelines on the example of a particular enterprise. It has been determined that the main pollutant is methane. Its share of emissions is more than 99% of total emissions 
463 0 |0 (RuTPU)RU\TPU\conf\32128  |t Информационные технологии (IT) в контроле, управлении качеством и безопасности  |o сборник научных трудов VIII Международной конференции школьников, студентов, аспирантов, молодых ученых "Ресурсоэффективные системы в управлении и контроле: взгляд в будущее", 7 -12 октября 2019 г., г. Томск  |f Национальный исследовательский Томский политехнический университет (ТПУ)  |v [С. 330-334]  |d 2019 
510 1 |a Assessment of the impact of production activities of gas pipelines in the Novosibirsk region on the environment  |z eng 
610 1 |a электронный ресурс 
610 1 |a труды учёных ТПУ 
610 1 |a окружающая среда 
610 1 |a магистральные газопроводы 
610 1 |a загрязняющие вещества 
610 1 |a оценка воздействия 
610 1 |a производственная деятельность 
610 1 |a выбросы 
610 1 |a environment 
610 1 |a main gas pipeline 
610 1 |a pollutants 
610 1 |a impact assessment 
610 1 |a protection measures 
700 1 |a Чернышкина  |b К. О.  |g Карина Олеговна 
712 0 2 |a Национальный исследовательский Томский политехнический университет  |c (2009- )  |2 stltpush  |3 (RuTPU)RU\TPU\col\15902  |9 26305 
801 2 |a RU  |b 63413507  |c 20200128  |g RCR 
856 4 |u http://earchive.tpu.ru/handle/11683/57604 
942 |c BK